| 000 | 00567cam a22001814a 4500 | ||
|---|---|---|---|
| 999 |
_c8087 _d8087 |
||
| 020 | _a9780495601333 (student ed. : hbk.) | ||
| 020 | _a0495601330 (student ed. : hbk.) | ||
| 050 | 0 | 0 |
_aHM1033 _b.B39 2011 |
| 100 | 1 | _aBaumeister, Roy F. | |
| 245 | 1 | 0 |
_aSocial psychology and human nature / _cRoy F. Baumeister, Brad J. Bushman. |
| 250 | _a2nd ed. | ||
| 260 |
_aBelmont, CA : _bCengage Learning, _c2011. |
||
| 300 |
_a1 v. (various pagings) : _bill. ; _c28 cm. |
||
| 650 | 0 | _aSocial psychology. | |
| 650 | 0 | _aHuman behavior. | |
| 700 | 1 | _aBushman, Brad J. | |
| 942 | _cBK | ||